<?xml version="1.0" encoding="UTF-8"?>
<record
    xmlns:xsi="http://www.w3.org/2001/XMLSchema-instance"
    xsi:schemaLocation="http://www.loc.gov/MARC21/slim http://www.loc.gov/standards/marcxml/schema/MARC21slim.xsd"
    xmlns="http://www.loc.gov/MARC21/slim">

  <leader>01614    a2200253   4500</leader>
  <controlfield tag="001">22376</controlfield>
  <controlfield tag="005">20260407155514.0</controlfield>
  <controlfield tag="008">260407a2000    arg                 spa d</controlfield>
  <controlfield tag="003">AR-UNSa-BCEJYS</controlfield>
  <datafield tag="040" ind1=" " ind2=" ">
    <subfield code="a">AR-UNSa-BCEJYS</subfield>
    <subfield code="b">spa</subfield>
    <subfield code="c">AR-UNSa-BCEJYS</subfield>
  </datafield>
  <datafield tag="080" ind1=" " ind2=" ">
    <subfield code="a">336.13</subfield>
    <subfield code="x">Finanzas del sector p&#xFA;blico</subfield>
  </datafield>
  <datafield tag="245" ind1="1" ind2="0">
    <subfield code="a">La econom&#xED;a del sector p&#xFA;blico</subfield>
  </datafield>
  <datafield tag="020" ind1=" " ind2=" ">
    <subfield code="a">978-84-95348-05-0</subfield>
  </datafield>
  <datafield tag="250" ind1=" " ind2=" ">
    <subfield code="a">3a. ed</subfield>
  </datafield>
  <datafield tag="264" ind1=" " ind2="1">
    <subfield code="a">Barcelona :</subfield>
    <subfield code="b">Antoni Bosch</subfield>
    <subfield code="c">2000</subfield>
  </datafield>
  <datafield tag="300" ind1=" " ind2=" ">
    <subfield code="a">xv, 738 p.</subfield>
    <subfield code="c">24 cm.</subfield>
  </datafield>
  <datafield tag="505" ind1=" " ind2=" ">
    <subfield code="a">1. El sector p&#xFA;blico en una econom&#xED;a mixta - 2. El sector p&#xFA;blico en Estados Unidos - 3. La eficiencia del mercado - 4. Los fallos del mercado - 5. Eficiencia y equidad - 6. Los bienes p&#xFA;blicos y los bienes privados suministrados por el Estado - 7. La elecci&#xF3;n p&#xFA;blica - 8. Producci&#xF3;n p&#xFA;blica y burocracia - 9. Las externalidades y el medio medio ambiente - 10. El an&#xE1;lisis de la pol&#xED;tica de gasto - 11. An&#xE1;lisis coste-beneficio - 12. La sanidad - 13. La defensa y la tecnolog&#xED;a - 14. La seguridad social - 15. Los programas de asistencia social y la redistribuci&#xF3;n de la renta - 16. La educaci&#xF3;n - 17. Los impuestos: introducci&#xF3;n - 18. La incidencia de los impuestos - 19. Los impuestos y la eficiencia econ&#xF3;mica - 20. Los impuestos &#xF3;ptimos - 21. Los impuestos sobre el capital - 22. El federalismo fiscal - 23. Los impuestos y los gastos regionales y municipales - 24. La financiaci&#xF3;n mediante d&#xE9;ficit
 </subfield>
  </datafield>
  <datafield tag="041" ind1=" " ind2=" ">
    <subfield code="a">spa</subfield>
  </datafield>
  <datafield tag="942" ind1=" " ind2=" ">
    <subfield code="c">BK</subfield>
  </datafield>
  <datafield tag="590" ind1=" " ind2=" ">
    <subfield code="a">niveau_biblio:m niveau_hierar:0</subfield>
  </datafield>
  <datafield tag="100" ind1="1" ind2=" ">
    <subfield code="a">Stiglitz, Joseph E.</subfield>
  </datafield>
  <datafield tag="700" ind1="1" ind2=" ">
    <subfield code="a">Rabasco, Mar&#xED;a Esther</subfield>
  </datafield>
  <datafield tag="700" ind1="1" ind2=" ">
    <subfield code="a">Toharia Cort&#xE9;s, Luis</subfield>
  </datafield>
  <datafield tag="999" ind1=" " ind2=" ">
    <subfield code="c">993</subfield>
    <subfield code="d">993</subfield>
  </datafield>
  <datafield tag="952" ind1=" " ind2=" ">
    <subfield code="0">0</subfield>
    <subfield code="1">0</subfield>
    <subfield code="4">0</subfield>
    <subfield code="7">0</subfield>
    <subfield code="a">BCEJYS</subfield>
    <subfield code="b">BCEJYS</subfield>
    <subfield code="c">16</subfield>
    <subfield code="d">2026-04-07</subfield>
    <subfield code="l">0</subfield>
    <subfield code="o">336.13 S854 3ed.</subfield>
    <subfield code="p">L86682</subfield>
    <subfield code="r">2026-04-07 15:55:14</subfield>
    <subfield code="w">2026-04-07</subfield>
    <subfield code="y">L</subfield>
  </datafield>
  <datafield tag="952" ind1=" " ind2=" ">
    <subfield code="0">0</subfield>
    <subfield code="1">0</subfield>
    <subfield code="4">0</subfield>
    <subfield code="7">0</subfield>
    <subfield code="a">BCEJYS</subfield>
    <subfield code="b">BCEJYS</subfield>
    <subfield code="c">16</subfield>
    <subfield code="d">2026-04-07</subfield>
    <subfield code="l">0</subfield>
    <subfield code="o">336.13 S854 3ed.</subfield>
    <subfield code="p">L86683</subfield>
    <subfield code="r">2026-04-07 15:55:14</subfield>
    <subfield code="w">2026-04-07</subfield>
    <subfield code="y">L</subfield>
  </datafield>
</record>
